கபுடு காக் காக் காக்! இலங்கையின் உன்னது போராட்டம்: (Record no. 4612)
[ view plain ]
| 000 -LEADER | |
|---|---|
| fixed length control field | 00950nam a22002297a 4500 |
| 003 - CONTROL NUMBER IDENTIFIER | |
| control field | LK-CoMWRAF |
| 005 - DATE AND TIME OF LATEST TRANSACTION | |
| control field | 20240611111013.0 |
| 008 - FIXED-LENGTH DATA ELEMENTS--GENERAL INFORMATION | |
| fixed length control field | 240109b2002 |||||||| |||| 00| 0 eng d |
| 020 ## - INTERNATIONAL STANDARD BOOK NUMBER | |
| International Standard Book Number | 9781739584931 |
| 040 ## - CATALOGING SOURCE | |
| Original cataloging agency | LK-CoMWRAF |
| Modifying agency | LK-CoMWRAF |
| Description conventions | LK-CoMWRAF |
| 041 ## - LANGUAGE CODE | |
| Language code of text/sound track or separate title | Tamil |
| 082 ## - DEWEY DECIMAL CLASSIFICATION NUMBER | |
| Classification number | 303.62 |
| Item number | CHI |
| 942 ## - ADDED ENTRY ELEMENTS (KOHA) | |
| Koha item type | Books |
| 100 ## - MAIN ENTRY--PERSONAL NAME | |
| Personal name | சிகேரா, அமல் டி. |
| Personal name (Transliterated) | Chickera, Amal de |
| 700 ## - ADDED ENTRY--PERSONAL NAME | |
| Personal name | தென்னகோன், தேஷான் |
| Personal name (Transliterated) | Tennekoon, Deshan |
| Relator Term | illustrator |
| 242 ## - TRANSLATION OF TITLE BY CATALOGING AGENCY | |
| Title | Kaputu Kaak Kaak Kaak |
| 245 ## - TITLE STATEMENT | |
| Title | கபுடு காக் காக் காக்! இலங்கையின் உன்னது போராட்டம்: |
| Remainder of title | சிறுவர் செயற்பாட்டாளர்களுக்கு ஒரு வழிகாட்டி |
| 260 ## - PUBLICATION, DISTRIBUTION, ETC. (IMPRINT) | |
| Place of publication, distribution, etc. | [Colombo]: |
| Name of publisher, distributor, etc. | Author, |
| Date of publication, distribution, etc. | 2022 |
| 300 ## - PHYSICAL DESCRIPTION | |
| Extent | 89 p.; ill. |
| 650 ## - SUBJECT ADDED ENTRY--TOPICAL TERM | |
| Topical term or geographic name as entry element | PEOPLE'S STRUGGLES-Sri Lanka |
| 650 ## - SUBJECT ADDED ENTRY--TOPICAL TERM | |
| Topical term or geographic name as entry element | Social conflicts-Sri Lanka |
| Withdrawn status | Lost status | Damaged status | Not for loan | Permanent Location | Current Location | Date acquired | Full call number | Barcode | Koha item type |
|---|---|---|---|---|---|---|---|---|---|
| Resource center, Muslim Women's Research And Action Forum | Resource center, Muslim Women's Research And Action Forum | 2024-01-09 | 303.62 CHI | RAF4705 | Books |

